Statistics for Jednotky soustavy SI

Click here to take the quiz!

General Stats

  • This quiz has been taken 70 times
  • The average score is 6 of 7

Answer Stats

Fyzikální veličinaJednotka% Correct
Hmotnostkilogram
100%
Délkametr
100%
Čassekunda
97%
Elektrický proudampér
80%
Látkové množstvímol
71%
Termodynamická teplotakelvin
63%
Svítivostkandela
58%

Score Distribution

Percentile by Number Answered

Percent of People with Each Score

Your Score History

You have not taken this quiz